Ochrana nehmotných statkov Duševné vlastníctvo

Dôležitý význam ochrany nehmotných statkov podniku v tvrdom konkurenčnom boji v hospodárskej súťaži. Rôzne spôsoby zabezpečovania ochrany nehmotných statkov pred rozkrádaním, zneužitím, poškodením a i. Špeciálny spôsob ochrany je utajenie nehmotných (aj hmotných) statkov. Hospodárske a služobné tajo...

Celý popis

Uložené v:
Podrobná bibliografia
Hlavný autor: Vyparina, S.
Médium: Kapitola
Jazyk:Slovak
Predmet:
Tagy: Pridať tag
Žiadne tagy, Buďte prvý, kto otaguje tento záznam!

MARC

LEADER 00000naa a2200000 4500
001 r016296
005 20221213123101.5
041 0 |a slo 
044 |a SK 
245 1 0 |a Ochrana nehmotných statkov  |b Duševné vlastníctvo  |c S. Vyparina 
520 |a Dôležitý význam ochrany nehmotných statkov podniku v tvrdom konkurenčnom boji v hospodárskej súťaži. Rôzne spôsoby zabezpečovania ochrany nehmotných statkov pred rozkrádaním, zneužitím, poškodením a i. Špeciálny spôsob ochrany je utajenie nehmotných (aj hmotných) statkov. Hospodárske a služobné tajomstvo a jeho ochrana. Štátne tajomstvo a jeho ochrana. Obchodné tajomstvo. Interná normatívna inštrukcia podniku o obchodnom tajomstve. 
610 2 0 |a majetok nehmotný 
610 2 0 |a tajomstvo obchodné 
610 2 0 |a ochrana vlastníctva 
610 2 0 |a zákonník obchodný 
610 2 0 |a normy právne 
610 2 0 |a právo priemyselné 
100 1 |a Vyparina, S.